000 00388 a2200157 4500
001 23343
020 _a9788561526009
040 _cAnchieta - São Paulo/Itaigara
100 _aRibon, Átila A.
240 1 0 _aAs esmeraldas perdidas do Guayabero
_lpor
245 1 0 _aAs esmeraldas perdidas do Guayabero
300 _a131
362 0 _a2008
650 4 _aFicção brasileira
942 _cBK
999 _c23343
_d23343